The land of the Pharaohs : including a sketch of Sinai, drawn with pen and pencil

محفوظ في:

المؤلف الرئيسي: Samuel Manning

مؤلفون آخرون: Richard Lovett

التنسيق: كتاب

اللغة: Undetermined

منشور في: [London] Religious Tract Society, , 1887

الموضوعات:

الوسوم: إضافة وسم

لا توجد وسوم, كن أول من يضع وسما على هذه التسجيلة!

رقم الطلب: (R) DT46 .M28

LEADER 00785nam a2200193Ia 4500
008 221002s9999||||xx |||||||||||||| ||und||
050 4 |a (R) DT46 .M28  
100 1 |a Samuel Manning 
245 1 4 |a The land of the Pharaohs   |b : including a sketch of Sinai, drawn with pen and pencil 
264 1 |a [London]  |b Religious Tract Society, ,  |c  1887 
300 |a 223p.  |b  1 online resource (223 pages) : illus  |c 27cm  
504 |a  Electronic reproduction, [Place of publication not identified], HathiTrust Digital Library, 2010 
650 4 |a  Egypt Sinai 
650 4 |a Egypt 
650 4 |a Egypt Description and travel 
700 1 |a Richard Lovett 
942 |2 lcc  |c BK 
952 |0 0  |1 0  |2 lcc  |4 0  |7 1  |9 43035  |a ARCE  |b ARCE  |d 2022-10-02  |l 0  |o (R) DT46 .M28   |r 2022-10-02 00:00:00  |w 2022-10-02  |y BK 
999 |c 49591  |d 49591